01138nab a22002417a 450000500170000000800410001704000250005804100080008304400070009110000400009824501030013824600840024126000810032530000070040652001420041365000410055565000310059665000330062770000410066077301620070194200160086399900170087920180803170425.0170922b2010 ck |||||r|||| 00| 0 spa d aCO-BoIAVHcCO-BoIAVH aspa ack1 aAndrade, Germán I.eautor910032510aTipos, modos de regeneración y gobernanza del conocimiento para la gestión de la biodiversidad13aTypes, modes of production and knowledge governance for biodiversity management aBogotá (Colombia) : bPontificia Universidad Javeriana. IDEADE-DET,c2010. ap. aSe presentan elementos conceptuales de una reflexión sobre la interfaz Ciencia-Política en el manejo de la biodiversidad en Colombia.24aGestión de la biodiversidad98478524aCiencia interactiva98478624aRedes de conocimiento9847871 aWills Herrera, Eduardoeautor9227380 017523929367aPontificia Universidad Javeriana:dColombia: Universidad Javeriana Ideade-det, 2002-o029730tAmbiente y Desarrollox0121-7607gpáginas 56-75 2zcARTICULO c19851d19851